The Up Quiz - Statistics

General Stats
  • This quiz has been taken 22,857 times
  • The average score is 11 of 20
Answer Stats
Clue Answer % Correct
Second place Runner-up
90%
Cowboy's instruction to horse Giddy Up
88%
Adult Grown Up
88%
The end of a relationship Break Up
84%
Sprite competitor 7 Up
83%
Way to prepare breakfast eggs Sunny Side Up
82%
Pregnant Knocked Up
81%
Low-speed internet access Dial-up
73%
What Kirk says to Scotty Beam me Up
71%
Superman catchphrase Up Up and Away
65%
Slang for jail Lock Up
64%
On the rocks alternative Straight Up
51%
Fastball alternative Changeup
35%
Theme song to The Jeffersons Movin' on Up
35%
Apartment that requires climbing stairs Walk Up
33%
Down through the chimney with Old Saint Nick Up on the House Top
32%
... with a rubber hose Up Your Nose
23%
Rolling Stones song used to advertise Windows 95 Start me Up
22%
Understudy Backup
21%
Inhibition Hangup
19%
No matching quizzes found
Score Distribution
Percent of People with Each Score
Percentile by Number Answered
Your Score History
You have not taken this quiz